Las estaciones de metro de Berlín en un mapa - Estadísticas

Estadísticas generales
  • Esta prueba ha sido intentada 24 veces
  • La puntuación promedio es 44 de 208
Respuestas en el mapa
Las respuestas están codificadas por una escala verde-roja en el mapa de la prueba según el % correcto abajo.
 
Estadísticas de respuestas
respuesta % Correcto
Alexanderplatz
82%
Rathaus Neukölln
71%
Neukölln
65%
Rathaus Reinickendorf
59%
Rathaus Schöneberg
59%
U7 Rathaus Spandau
59%
Unter den Linden
59%
Berlin Hauptbahnhof
53%
Rathaus Steglitz
53%
Rotes Rathaus
53%
Friedrichstraße
47%
Friedrich-Wilhelm-Platz
47%
Pankstraße
47%
U1 WarschauerStraße
47%
U3 Warschauer Straße
47%
Zoologischer Garten
47%
Brandenburger Tor
41%
Bundesplatz
41%
Olympia-Stadion
41%
U2 Pankow
41%
Potsdamer Platz
41%
Wedding
41%
Alt-Mariendorf
35%
Hermannplatz
35%
Hermannstraße
35%
Rudow
35%
Sophie-Charlotte-Platz
35%
Yorckstraße
35%
U6 Alt-Tegel
29%
Alt-Tempelhof
29%
Berliner Straße
29%
Bundestag
29%
Frankfurter Tor
29%
Karl-Bonhoeffer-Nervenklinik
29%
Karl-Marx-Straße
29%
Kottbusser Tor
29%
Krumme Lanke
29%
Kurfürstendamm
29%
Mehringdamm
29%
Museumsinsel
29%
| U9 Osloer Straße
29%
Rosa-Luxemburg-Platz
29%
Schloßstraße
29%
Südstern
29%
Tempelhof
29%
Adenauerplatz
24%
Afrikanische Straße
24%
Bismarckstraße
24%
Blissestraße
24%
Gesundbrunnen
24%
Gleisdreieck
24%
Gneisenaustraße
24%
Hallesches Tor
24%
Innsbrucker Platz
24%
Jannowitzbrücke
24%
Kurfürstenstraße
24%
Möckernbrücke
24%
Moritzplatz
24%
Onkel Toms Hütte
24%
Oranienburger Tor
24%
Rosenthaler Platz
24%
Ruhleben
24%
Schlesisches Tor
24%
Stadtmitte
24%
U8 Wittenau
24%
Wittenbergplatz
24%
Bayerischer Platz
18%
Britz-Süd
18%
Deutsche Oper
18%
Fehrbelliner Platz
18%
Freie Universität (Thielplatz)
18%
Görlitzer Bahnhof
18%
Heinrich-Heine-Straße
18%
U5 Hönow
18%
Kochstraße
18%
Konstanzer Straße
18%
Naturkundemuseum
18%
| U4 Nollendorfplatz
18%
Platz der Luftbrücke
18%
Richard-Wagner-Platz
18%
Samariterstraße
18%
Schönleinstraße
18%
Tierpark
18%
Turmstraße
18%
Uhlandstraße
18%
Weinmeisterstraße
18%
Westhafen
18%
Zitadelle
18%
Altstadt Spandau
12%
Boddinstraße
12%
Bülowstraße
12%
Cottbusser Platz
12%
Dahlem-Dorf
12%
Eisenacher Straße
12%
Ernst-Reuter-Platz
12%
Frankfurter Allee
12%
Güntzelstraße
12%
Heidelberger Platz
12%
Hellersdorf
12%
Hohenzollernplatz
12%
Jakob-Kaiser-Platz
12%
Jungfernheide
12%
Kaiserdamm
12%
Kleistpark
12%
Kurt-Schumacher-Platz
12%
Leinestraße
12%
Leopoldplatz
12%
Lichtenberg
12%
Märkisches Museum
12%
Mierendorffplatz
12%
Mohrenstraße
12%
Neu-Westend
12%
Oskar-Helene-Heim
12%
Paradestraße
12%
Paulsternstraße
12%
Prinzenstraße
12%
Reinickendorfer Straße
12%
Rohrdamm
12%
Rüdesheimer Platz
12%
Schwartzkopffstraße
12%
Siemensdamm
12%
Spichernstraße
12%
Theodor-Heuss-Platz
12%
Viktoria-Luise-Platz
12%
Wilmersdorfer Straße
12%
Amrumer Straße
6%
Augsburger Straße
6%
Bernauer Straße
6%
Biesdorf-Süd
6%
Birkenstraße
6%
Blaschkoallee
6%
Borsigwerke
6%
Breitenbachplatz
6%
Eberswalder Straße
6%
Elsterwerdaer Platz
6%
Franz-Neumann-Platz
6%
Friedrichsfelde
6%
Grenzallee
6%
Halemweg
6%
Hansaplatz
6%
Haselhorst
6%
Hausvogteiplatz
6%
Holzhauser Straße
6%
Johannisthaler Chaussee
6%
Kaiserin-Augusta-Straße
6%
Kaulsdorf-Nord
6%
Kienberg (Gärten der Welt)
6%
Klosterstraße
6%
Lindauer Allee
6%
Lipschitzallee
6%
Louis-Lewin-Straße
6%
Magdalenenstraße
6%
Mendelssohn-Bartholdy-Park
6%
Nauener Platz
6%
Otisstraße
6%
Paracelsus-Bad
6%
Parchimer Allee
6%
Podbielskiallee
6%
Rehberge
6%
Residenzstraße
6%
Scharnweberstraße
6%
Schillingstraße
6%
Schönhauser Allee
6%
Seestraße
6%
Senefelderplatz
6%
Spittelmarkt
6%
Strausberger Platz
6%
Ullsteinstraße
6%
Vinetastraße
6%
Voltastraße
6%
Walther-Schreiber-Platz
6%
Weberwiese
6%
Westphalweg
6%
Wuhletal
6%
Wutzkyallee
6%
Zwickauer Damm
6%
No se encontraron pruebas coincidentes
Distribución de puntuación
Porcentaje de gente con cada puntuación
Porcentaje por número respondido
Historial de tus puntuaciones
No has intentado esta prueba.